[Event "Junior Online 4NCL Division 4"]
[Site "online"]
[Date "2020.09.03"]
[Round "2.255"]
[White "Patel, Isabella"]
[Black "Carter, Olvier"]
[Result "1-0"]
[WhiteElo "1075"]
[BlackElo "1000"]
[PlyCount "91"]
[EventDate "2020.09.03"]
[WhiteTeam "May The Fork Be With You 8"]
[BlackTeam "Surrey Kings 3"]

1. d4 d5 2. Bf4 e6 3. e3 Bb4+ 4. c3 Bd6 5. Bxd6 Qxd6 6. Nf3 c6 7. Bd3 f5 8. O-O
b5 9. Nbd2 a6 10. Re1 g6 11. b3 h5 12. c4 Qc5 13. cxd5 Qxd5 14. Ng5 Qd7 15. e4
Qg7 16. exf5 Qh6 17. Ngf3 gxf5 18. Bxf5 h4 19. Qc2 Ne7 20. Bh3 Ng6 21. d5 Nf4
22. Bg4 Qg7 23. h3 Rg8 24. dxc6 e5 25. Rxe5+ Kd8 26. Qd3+ Kc7 27. Qe3 Bxg4 28.
Re7+ Qxe7 29. Qxe7+ Nd7 30. hxg4 Rxg4 31. Qxd7+ Kb6 32. Qxg4 Ne2+ 33. Kf1 Ng3+
34. fxg3 Re8 35. gxh4 Kxc6 36. Rc1+ Kd6 37. Qg6+ Ke7 38. Re1+ Kf8 39. Qxe8+ Kg7
40. Re7+ Kh6 41. Qh8+ Kg6 42. Re6+ Kf7 43. Qf6+ Kg8 44. Re7 b4 45. Qg6+ Kf8 46.
Qf7# 1-0

[Event "Junior Online 4NCL Division 4"]
[Site "online"]
[Date "2020.09.03"]
[Round "2"]
[White "Mallia, Luca"]
[Black "Paz, Omri"]
[Result "1/2-1/2"]
[WhiteElo "1000"]
[BlackElo "1037"]
[PlyCount "158"]
[EventDate "2020.09.03"]
[WhiteTeam "Surrey Kings 3"]
[BlackTeam "May The Fork Be With You 8"]

1. e4 e5 2. Nf3 Nc6 3. Nc3 Nf6 4. Bc4 Nxe4 5. Nxe4 d5 6. Bxd5 Qxd5 7. Nc3 Qd8
8. d3 Be7 9. d4 exd4 10. Nxd4 Nxd4 11. Be3 Bc5 12. O-O O-O 13. Na4 Re8 14. Nxc5
Nc6 15. f4 Rxe3 16. Re1 Re8 17. g3 Bf5 18. g4 Qxd1 19. Raxd1 Bxc2 20. Rc1 Bg6
21. Nd7 Bd3 22. f5 Bb5 23. Rcd1 Rad8 24. b3 Nb4 25. Nc5 Nxa2 26. Nxb7 Rxd1 27.
Rxd1 Nc3 28. Rd3 Bxd3 29. Nc5 Bb5 30. b4 Ne2+ 31. Kf2 Nd4 32. Kg3 a6 33. Nb7
Rb8 34. Nc5 Ra8 35. h3 Nc6 36. Nd7 a5 37. bxa5 Rxa5 38. f6 Nd4 39. g5 Bxd7 40.
fxg7 Kxg7 41. Kf4 Ne6+ 42. Ke4 Bc6+ 43. Kd3 Nxg5 44. h4 Ne6 45. h5 Nf4+ 46. Ke3
Nxh5 47. Kd3 Ra4 48. Kc3 Nf4 49. Kb3 Re4 50. Kc3 Nd5+ 51. Kd3 Ra4 52. Kc2 Ra3
53. Kb2 Rg3 54. Kc2 Nb4+ 55. Kb2 Be4 56. Kc1 Rg2 57. Kd1 Bc2+ 58. Ke1 Nd3+ 59.
Kf1 Nf4 60. Ke1 Ba4 61. Kf1 Rd2 62. Ke1 Rd1+ 63. Kf2 Rd3 64. Ke1 Ng2+ 65. Ke2
Ra3 66. Kf2 Ra2+ 67. Kf3 Nh4+ 68. Kg4 Ng6 69. Kf5 Rf2+ 70. Kg5 Rg2+ 71. Kf5 Rb2
72. Ke4 h5 73. Kf5 h4 74. Kg4 Rb3 75. Kh5 h3 76. Kg4 h2 77. Kf5 h1=Q 78. Kg5
Qf1 79. Kh5 Rg3 1/2-1/2

[Event "Junior Online 4NCL Division 4"]
[Site "online"]
[Date "2020.09.03"]
[Round "2.1"]
[White "Patel, Rohan"]
[Black "Fairrie, Ralph"]
[Result "1-0"]
[WhiteElo "1037"]
[BlackElo "1000"]
[PlyCount "93"]
[EventDate "2020.09.03"]
[WhiteTeam "May The Fork Be With You 8"]
[BlackTeam "Surrey Kings 3"]

1. e4 e5 2. Nf3 Nc6 3. Nc3 Bc5 4. Qe2 d6 5. g3 Bg4 6. Bg2 Nd4 7. Qd3 Nxf3+ 8.
Bxf3 Bxf3 9. Qxf3 h5 10. b3 g5 11. Qf5 Nh6 12. Qf3 g4 13. Qg2 b6 14. Bb2 Qf6
15. Rf1 O-O 16. O-O-O c6 17. Rde1 d5 18. exd5 cxd5 19. Nxd5 Qd6 20. Bxe5 Qe6
21. Bg7 Kxg7 22. Rxe6 fxe6 23. Nc7 Rac8 24. Nxe6+ Kf7 25. Nxf8 Kxf8 26. f3 gxf3
27. Rxf3+ Ke8 28. Qe2+ Kd8 29. Rd3+ Kc7 30. Qe5+ Kc6 31. Qd5+ Kb5 32. a4+ Ka6
33. Qc4+ Kb7 34. Qe4+ Kc7 35. Qe5+ Kc6 36. Qf6+ Kc7 37. Qxh6 a6 38. Qf4+ Kb7
39. Rd7+ Kc6 40. Rd3 Re8 41. Qf6+ Kb7 42. Qf7+ Be7 43. Qxe8 Bg5 44. Rd6 Kc7 45.
Qd7+ Kb8 46. Rxb6+ Ka8 47. Qb7# 1-0

[Event "Junior Online 4NCL Division 4"]
[Site "online"]
[Date "2020.09.03"]
[Round "2.2"]
[White "Goldhawk, Harrison"]
[Black "Subramonian, Ananya"]
[Result "1/2-1/2"]
[WhiteElo "1000"]
[BlackElo "887"]
[PlyCount "113"]
[EventDate "2020.09.03"]
[WhiteTeam "Surrey Kings 3"]
[BlackTeam "May The Fork Be With You 8"]

1. e4 e5 2. d4 exd4 3. Qxd4 Nc6 4. Qd1 Nf6 5. Nc3 Bc5 6. a3 Ng4 7. Qxg4 d5 8.
Qxg7 Bd4 9. Qg3 Be5 10. Qd3 O-O 11. Nxd5 Bd4 12. Qg3+ Kh8 13. c3 Bc5 14. b4 Bb6
15. Bb2 Qe8 16. c4+ f6 17. Nxc7 Qxe4+ 18. Be2 Rb8 19. Nd5 Ne5 20. Nxf6 Bg4 21.
f3 Qe3 22. Bxe5 Rbe8 23. Bd6 Rxf6 24. fxg4 Qe4 25. c5 Bd8 26. Kd1 Qd4+ 27. Qd3
Qxa1+ 28. Kd2 Bc7 29. Bxc7 Rf2 30. Nh3 Rexe2+ 31. Qxe2 Rxe2+ 32. Kxe2 Qxh1 33.
Nf2 Qxg2 34. Be5+ Kg8 35. Ke3 h5 36. gxh5 a5 37. bxa5 b5 38. h6 Kh7 39. c6 Kxh6
40. c7 Qa8 41. a6 Kg6 42. Ne4 Kf7 43. Nd6+ Ke7 44. c8=Q Qxc8 45. Nxc8+ Kd7 46.
a7 Kxc8 47. a8=Q+ Kd7 48. Qa7+ Kc6 49. Qa6+ Kc5 50. Qc8+ Kb6 51. Bd6 Ka5 52.
Qa8+ Kb6 53. Qb8+ Ka5 54. Bb4+ Ka4 55. Qa8+ Kb3 56. Qb7 Ka4 57. Qd5 1/2-1/2

[Event "Junior Online 4NCL Division 4"]
[Site "online"]
[Date "2020.09.03"]
[Round "2.5"]
[White "Marshall, Wilfred"]
[Black "Liu, Reuben"]
[Result "1-0"]
[WhiteElo "887"]
[BlackElo "1000"]
[PlyCount "35"]
[EventDate "2020.09.03"]
[WhiteTeam "Barnet Knights F"]
[BlackTeam "Surrey Kings 4"]

1. e4 e5 2. Nf3 Nc6 3. d4 d5 4. exd5 Qxd5 5. Nxe5 Qxe5+ 6. dxe5 Nxe5 7. Qe2 f6
8. Nc3 Bb4 9. Bf4 g5 10. Bxe5 fxe5 11. Qxe5+ Be7 12. Qxh8 Bf6 13. Qxg8+ Ke7 14.
Qxh7+ Bg7 15. Qxg7+ Kd8 16. Nd5 c6 17. Qc7+ Ke8 18. Qe7# 1-0

[Event "Junior Online 4NCL Division 4"]
[Site "online"]
[Date "2020.09.03"]
[Round "2.7"]
[White "Thompson, Alex"]
[Black "Edwards, Zachary"]
[Result "1-0"]
[WhiteElo "790"]
[BlackElo "1075"]
[PlyCount "55"]
[EventDate "2020.09.03"]
[WhiteTeam "Barnet Knights F"]
[BlackTeam "Surrey Kings 4"]

1. e4 e5 2. Nf3 Nf6 3. Nxe5 Bd6 4. Nf3 Bc5 5. Bd3 d5 6. exd5 Nxd5 7. Qe2+ Ne7
8. Ne5 f6 9. Nc4 b5 10. Ne3 Bxe3 11. Qxe3 Be6 12. O-O Qd7 13. Nc3 Nec6 14. Bxb5
g5 15. d4 a6 16. Ba4 Qe7 17. Bxc6+ Nxc6 18. Re1 Nb4 19. Re2 Nxc2 20. Rxc2 Bd5
21. Nxd5 Qxe3 22. Nxe3 Rc8 23. Nd5 f5 24. Bxg5 h6 25. Re1+ Kd7 26. Bc1 Kd6 27.
Nf6 Rcf8 28. Bf4# 1-0

[Event "Junior Online 4NCL Division 4"]
[Site "online"]
[Date "2020.09.03"]
[Round "2.8"]
[White "Ambrose, Daniel"]
[Black "Lawrence, Harrison"]
[Result "1-0"]
[WhiteElo "925"]
[BlackElo "700"]
[PlyCount "55"]
[EventDate "2020.09.03"]
[WhiteTeam "Surrey Kings 4"]
[BlackTeam "Barnet Knights F"]

1. d4 d5 2. Qd3 Nc6 3. Qb5 a6 4. Qb3 Nxd4 5. Qd3 e5 6. e3 e4 7. Qxd4 c5 8. Qe5+
Be6 9. Nh3 Bd6 10. Qxg7 Qa5+ 11. Bd2 Qb5 12. Qxh8 Qxb2 13. Bc3 Qc1+ 14. Ke2
Qxc2+ 15. Ke1 d4 16. Qxg8+ Kd7 17. Qxa8 dxc3 18. Qxb7+ Ke8 19. Qxa6 Qc1+ 20.
Ke2 Qb2+ 21. Ke1 Qxa1 22. Qxd6 Qxb1+ 23. Qd1 Qxa2 24. Bb5+ Ke7 25. Nf4 Bb3 26.
Qd7+ Kf8 27. Nh5 Be6 28. Qd8# 1-0

[Event "Junior Online 4NCL Division 4"]
[Site "online"]
[Date "2020.09.03"]
[Round "2.9"]
[White "Liu, Reuben"]
[Black "Marshall, Wilfred"]
[Result "0-1"]
[WhiteElo "1000"]
[BlackElo "887"]
[PlyCount "72"]
[EventDate "2020.09.03"]
[WhiteTeam "Surrey Kings 4"]
[BlackTeam "Barnet Knights F"]

1. e4 e5 2. Bc4 Nf6 3. Bb3 Nc6 4. Qe2 Bc5 5. Qc4 O-O 6. c3 Be7 7. Bc2 d5 8. Qd3
Nxe4 9. f3 Bf5 10. fxe4 Bxe4 11. Qh3 Bxc2 12. d3 Bh4+ 13. g3 Bf6 14. Qg2 Bxd3
15. h4 d4 16. cxd4 Qxd4 17. Nf3 Qe4+ 18. Kf2 Bxb1 19. g4 Bd3 20. Qh2 Qe2+ 21.
Kg3 Qxh2+ 22. Kxh2 h6 23. g5 hxg5 24. hxg5 Be7 25. Be3 Bd6 26. Kg2 e4 27. Kf2
exf3 28. Rh2 Bxh2 29. Rh1 Be5 30. g6 Bxg6 31. b4 Bd4 32. Bxd4 Nxd4 33. Ke3 Rad8
34. a3 Rfe8+ 35. Kf4 Re4+ 36. Kg5 Rd5# 0-1

[Event "Junior Online 4NCL Division 4"]
[Site "online"]
[Date "2020.09.03"]
[Round "2.11"]
[White "Edwards, Zachary"]
[Black "Thompson, Alex"]
[Result "0-1"]
[WhiteElo "1075"]
[BlackElo "790"]
[PlyCount "60"]
[EventDate "2020.09.03"]
[WhiteTeam "Surrey Kings 4"]
[BlackTeam "Barnet Knights F"]

1. e4 e5 2. Nc3 Nf6 3. Nf3 Nc6 4. d4 exd4 5. Ne2 Nxe4 6. Ng3 Nxg3 7. fxg3 Bb4+
8. c3 dxc3 9. bxc3 Bxc3+ 10. Bd2 Bxa1 11. Qxa1 Nb4 12. Bb5 Nc2+ 13. Kd1 Nxa1
14. Kc1 c6 15. Kb2 cxb5 16. Kxa1 Qf6+ 17. Nd4 Qxd4+ 18. Kb1 Qxd2 19. Rc1 Qxg2
20. Rc2 Qe4 21. a3 O-O 22. Kb2 Re8 23. h4 Re5 24. Rh2 Qd4+ 25. Kb3 Re3+ 26. Ka2
Qc4+ 27. Kb2 Rb3+ 28. Ka2 b4 29. axb4 Qxb4 30. g4 Qa4# 0-1

[Event "Junior Online 4NCL Division 4"]
[Site "online"]
[Date "2020.09.03"]
[Round "2.12"]
[White "Lawrence, Harrison"]
[Black "Ambrose, Daniel"]
[Result "1-0"]
[WhiteElo "700"]
[BlackElo "925"]
[PlyCount "137"]
[EventDate "2020.09.03"]
[WhiteTeam "Barnet Knights F"]
[BlackTeam "Surrey Kings 4"]

1. e4 Nf6 2. Nc3 e5 3. Nf3 Nc6 4. Bc4 Nd4 5. Nxe5 Ng4 6. Nxg4 Qg5 7. d3 Nxc2+
8. Qxc2 Qxg4 9. f3 Qxg2 10. Rf1 Qxc2 11. Bg5 Qxb2 12. Rd1 Qxc3+ 13. Rd2 Qc1+
14. Ke2 Qa3 15. Ra1 Bb4 16. Rc2 Bc3 17. Rb1 Bd4 18. Bxf7+ Kxf7 19. f4 Re8 20.
f5 Re5 21. Bd8 Ra5 22. e5 Rxe5+ 23. Kd1 Qxd3+ 24. Kc1 Be3+ 25. Kb2 Rb5+ 26. Ka1
Qd4+ 27. Rbb2 Qxb2+ 28. Rxb2 Rxf5 29. Re2 Bd4+ 30. Kb1 Rf1+ 31. Kc2 a5 32. Re7+
Kf6 33. Re4+ Kf5 34. Rxd4 Ra6 35. Rd5+ Ke4 36. Rd3 Rf3 37. Rd2 Ra3 38. Re2+ Kf3
39. Re1 Rxa2+ 40. Kb1 Rxh2 41. Rf1+ Ke2 42. Rc1 Rd6 43. Bg5 Rb6+ 44. Ka1 d6 45.
Bf4 Be6 46. Bxh2 Kd2 47. Rxc7 Rb4 48. Bxd6 Rd4 49. Be5 Re4 50. Bc3+ Kc2 51.
Bxa5+ Kb3 52. Rxb7+ Kc2 53. Rc7+ Kb3 54. Rc1 Ra4+ 55. Kb1 Rxa5 56. Re1 Bf5+ 57.
Kc1 Ra1+ 58. Kd2 Rb1 59. Re3+ Kb2 60. Rc3 h5 61. Rc5 g6 62. Rb5+ Ka2 63. Ra5+
Kb2 64. Rb5+ Ka1 65. Ra5+ Kb2 66. Rb5+ Ka1 67. Rc5 h4 68. Kc3 h3 69. Ra5# 1-0

[Event "Junior Online 4NCL Division 4"]
[Site "online"]
[Date "2020.09.03"]
[Round "2.15"]
[White "Adhikari, Aanya"]
[Black "Casserly, Darcy"]
[Result "1-0"]
[WhiteElo "1015"]
[BlackElo "1037"]
[PlyCount "53"]
[EventDate "2020.09.03"]
[WhiteTeam "Maidenhead Juniors 2"]
[BlackTeam "Manchester Juniors E"]

1. e4 e5 2. Nf3 Nc6 3. d4 d5 4. dxe5 dxe4 5. Qxd8+ Nxd8 6. Nfd2 Bg4 7. Nxe4 Ne6
8. Nbc3 O-O-O 9. Be3 Nf6 10. Nxf6 gxf6 11. exf6 h6 12. h3 Bf5 13. Rc1 Nd4 14.
Bd3 Bb4 15. Bxd4 Bxd3 16. Be5 Be4 17. O-O Rhg8 18. Nxe4 Rd3 19. cxd3 Re8 20.
Bg3 h5 21. Rxc7+ Kb8 22. Rxf7+ Ka8 23. Rh7 Rd8 24. Rxh5 Rxd3 25. Rh8+ Bf8 26.
Rxf8+ Rd8 27. Rxd8# 1-0

[Event "Junior Online 4NCL Division 4"]
[Site "online"]
[Date "2020.09.03"]
[Round "2.18"]
[White "Hitchman, George S"]
[Black "Tripathi, Anaya"]
[Result "0-1"]
[WhiteElo "700"]
[BlackElo "700"]
[PlyCount "26"]
[EventDate "2020.09.03"]
[WhiteTeam "Manchester Juniors E"]
[BlackTeam "Maidenhead Juniors 2"]

1. e4 e5 2. Bc4 Nf6 3. d4 Nc6 4. Bf4 exf4 5. f3 d5 6. exd5 Nxd5 7. Qe2+ Ne3 8.
Bxf7+ Kxf7 9. Qc4+ Be6 10. Qd3 Nxd4 11. Nd2 Nexc2+ 12. Kf2 Nxa1 13. Qxd4 Qxd4+
0-1

[Event "Junior Online 4NCL Division 4"]
[Site "online"]
[Date "2020.09.03"]
[Round "2.19"]
[White "Casserly, Darcy"]
[Black "Adhikari, Aanya"]
[Result "0-1"]
[WhiteElo "1037"]
[BlackElo "1015"]
[PlyCount "96"]
[EventDate "2020.09.03"]
[WhiteTeam "Manchester Juniors E"]
[BlackTeam "Maidenhead Juniors 2"]

1. e4 e5 2. Nf3 Nc6 3. Bc4 Nf6 4. Ng5 d5 5. exd5 Na5 6. d6 Nxc4 7. dxc7 Qxc7 8.
Qe2 Nb6 9. Nf3 Be7 10. Nxe5 O-O 11. d4 Re8 12. Qf3 Bd6 13. Bf4 Nbd5 14. Qg3
Nxf4 15. Qxf4 Bxe5 16. dxe5 Rxe5+ 17. Kf1 Re1+ 18. Kxe1 Qxf4 19. Nc3 Qe5+ 20.
Ne2 Bd7 21. Rd1 Bb5 22. Rd2 Qxb2 23. f4 Qxa2 24. h3 Qe6 25. g3 Bc6 26. Rf1 h6
27. g4 Qe7 28. c4 Rd8 29. Kd1 Rxd2+ 30. Kxd2 Qd7+ 31. Kc1 Qd3 32. Re1 Bf3 33.
Ng1 Qc3+ 34. Kb1 Qxe1+ 35. Ka2 Qxg1 36. Kb3 Qa1 37. Kb4 a5+ 38. Kb5 a4 39. Kb6
a3 40. Kc7 a2 41. g5 hxg5 42. fxg5 Ne8+ 43. Kd7 Kf8 44. Kc8 Qb2 45. Kd7 a1=Q
46. Kc8 Qd1 47. Kb8 Qe5+ 48. Ka8 Qda1# 0-1

[Event "Junior Online 4NCL Division 4"]
[Site "online"]
[Date "2020.09.03"]
[Round "2.22"]
[White "Tripathi, Anaya"]
[Black "Hitchman, George S"]
[Result "1-0"]
[WhiteElo "700"]
[BlackElo "700"]
[PlyCount "43"]
[EventDate "2020.09.03"]
[WhiteTeam "Maidenhead Juniors 2"]
[BlackTeam "Manchester Juniors E"]

1. e4 e5 2. Nf3 Nf6 3. Nc3 Nc6 4. d4 d5 5. dxe5 dxe4 6. exf6 exf3 7. Qxf3 Qxf6
8. Qxf6 gxf6 9. Nd5 Nd4 10. Nxc7+ Kd8 11. c3 Nc2+ 12. Kd1 Nxa1 13. Nxa8 Bg4+
14. Be2 Bxe2+ 15. Kxe2 Bc5 16. b4 Bb6 17. Nxb6 axb6 18. Bb2 Nc2 19. c4 Nxb4 20.
Bxf6+ Ke8 21. Bxh8 f6 22. Bxf6 1-0

[Event "Junior Online 4NCL Division 4"]
[Site "online"]
[Date "2020.09.17"]
[Round "3.11"]
[White "Kammin, Samuel"]
[Black "McBrinn, Conall"]
[Result "0-1"]
[WhiteElo "1697"]
[BlackElo "1690"]
[PlyCount "100"]
[EventDate "2020.09.17"]
[WhiteTeam "Farnham Fantasticos"]
[BlackTeam "JHJ 1"]

1. d4 d5 2. Nf3 Nf6 3. c4 e6 4. g3 c6 5. Bg2 dxc4 6. O-O Be7 7. Qc2 O-O 8. Nbd2
Nd5 9. Nxc4 Bf6 10. Rd1 Nd7 11. Nce5 Qc7 12. Nd3 Be7 13. e4 N5f6 14. Bf4 Qb6
15. Nde5 Nxe5 16. Nxe5 Bd7 17. Nc4 Qa6 18. Bd6 Bxd6 19. Nxd6 Ne8 20. Bf1 Qb6
21. Nc4 Qc7 22. Ne3 Rd8 23. Rac1 Nf6 24. Bc4 Qb6 25. e5 Nd5 26. Bd3 h6 27. Nc4
Qc7 28. Nd6 f6 29. f4 Ne3 30. Bh7+ Kh8 31. Qg6 Nxd1 32. Rxd1 Be8 33. Qe4 f5 34.
Qe2 Kxh7 35. g4 Bg6 36. h4 fxg4 37. Qxg4 Bf5 38. Qg3 c5 39. Kh2 cxd4 40. Rg1 g6
41. h5 Rg8 42. hxg6+ Rxg6 43. Qh4 Qc2+ 44. Kh1 Be4+ 45. Nxe4 Qxe4+ 46. Kh2 Qe2+
47. Kh1 Qf3+ 48. Kh2 Qe2+ 49. Kh1 Rxg1+ 50. Kxg1 Rg8+ 0-1

[Event "Junior Online 4NCL Division 4"]
[Site "online"]
[Date "2020.09.17"]
[Round "3.12"]
[White "Yu, William"]
[Black "Warren, Archie"]
[Result "1-0"]
[WhiteElo "1592"]
[BlackElo "1450"]
[PlyCount "131"]
[EventDate "2020.09.17"]
[WhiteTeam "JHJ 1"]
[BlackTeam "Farnham Fantasticos"]

1. d4 Nf6 2. Bf4 g6 3. e3 Bg7 4. Be2 O-O 5. h3 b6 6. Bf3 d5 7. Bg4 e6 8. Be2
Nbd7 9. Nf3 Bb7 10. Nbd2 c5 11. c3 Rc8 12. O-O Re8 13. Ne5 Nxe5 14. Bxe5 cxd4
15. cxd4 Nd7 16. f4 Nxe5 17. fxe5 Qg5 18. Nf3 Qxe3+ 19. Rf2 Bh6 20. Kf1 Bf4 21.
Bb5 Re7 22. Re2 Rc1 23. Rxe3 Rxd1+ 24. Rxd1 Bxe3 25. Rd3 a6 26. Rxe3 axb5 27.
Rb3 Rc7 28. Ke1 Kg7 29. Rxb5 Rc6 30. Nd2 f6 31. exf6+ Kxf6 32. Nb3 Ba6 33. Rb4
Kf5 34. Kd2 Kf4 35. Nc1 h5 36. Ne2+ Ke4 37. Rb3 g5 38. Re3+ Kf5 39. Ng3+ Kg6
40. Ne2 h4 41. b4 Kf5 42. a4 Bc4 43. Rc3 b5 44. a5 Ke4 45. Re3+ Kf5 46. Ra3
Bxe2 47. Kxe2 Rc2+ 48. Kf3 e5 49. dxe5 Kxe5 50. a6 Rc8 51. a7 Ra8 52. Ra5 Rf8+
53. Kg4 Ra8 54. Kxg5 d4 55. Rxb5+ Ke4 56. Ra5 d3 57. Ra1 Ke3 58. b5 Ke2 59. b6
d2 60. Kxh4 Rh8+ 61. Kg3 d1=Q 62. Rxd1 Kxd1 63. b7 Rg8+ 64. Kh2 Ke2 65. b8=Q
Kf2 66. Qxg8 1-0

[Event "Junior Online 4NCL Division 4"]
[Site "online"]
[Date "2020.09.17"]
[Round "3.13"]
[White "Warren, Orla"]
[Black "Aserkoff, Daniel"]
[Result "1-0"]
[WhiteElo "1247"]
[BlackElo "1547"]
[PlyCount "98"]
[EventDate "2020.09.17"]
[WhiteTeam "Farnham Fantasticos"]
[BlackTeam "JHJ 1"]

1. d4 d5 2. Bf4 Nf6 3. e3 Bf5 4. c3 e6 5. Nf3 Nc6 6. Nbd2 h6 7. Nb1 Bd6 8. Bg3
Bxg3 9. hxg3 Qd7 10. c4 O-O 11. Nc3 Nb4 12. Rc1 Nc6 13. Ne5 Nxe5 14. dxe5 Nh7
15. Bd3 dxc4 16. Bxf5 Qxd1+ 17. Rxd1 exf5 18. O-O Rad8 19. Rxd8 Rxd8 20. Rd1
Rxd1+ 21. Nxd1 Kf8 22. Nc3 c6 23. b3 cxb3 24. axb3 Ke7 25. Kh2 Ke6 26. f4 g5
27. fxg5 hxg5 28. Kh3 Kxe5 29. g4 Nf6 30. gxf5 Kxf5 31. Kg3 Ne4+ 32. Nxe4 Kxe4
33. Kg4 Kxe3 34. Kxg5 Kf2 35. Kf6 Kxg2 36. Kxf7 b5 37. Ke7 c5 38. Kd6 c4 39.
Kc5 c3 40. Kxb5 c2 41. Ka6 c1=Q 42. Kxa7 Qc7+ 43. Ka6 Qc3 44. b4 Qxb4 45. Ka7
Kf3 46. Ka6 Ke4 47. Ka7 Kd5 48. Ka8 Kc6 49. Ka7 Qb7# 1-0

[Event "Junior Online 4NCL Division 4"]
[Site "online"]
[Date "2020.09.17"]
[Round "3.14"]
[White "Patel, Krrish"]
[Black "Cwajna, Harrison"]
[Result "0-1"]
[WhiteElo "1547"]
[BlackElo "977"]
[PlyCount "67"]
[EventDate "2020.09.17"]
[WhiteTeam "JHJ 1"]
[BlackTeam "Farnham Fantasticos"]

1. d4 d5 2. Nc3 Nf6 3. Bf4 g6 4. e3 Bg7 5. Bd3 Bf5 6. Bxf5 gxf5 7. Nf3 O-O 8.
Qd3 Qd7 9. Ne5 Qe6 10. Nb5 Qc8 11. Nf3 Nc6 12. Nxc7 Nb4 13. Qc3 Na6 14. Nxa8
Qxa8 15. O-O Rc8 16. Qb3 Ne4 17. c3 e6 18. Rad1 Nc7 19. Nd2 Nxd2 20. Rxd2 b6
21. Rc1 Qc6 22. Rdc2 b5 23. a4 a6 24. axb5 axb5 25. Qa2 Ne8 26. b3 Nf6 27. c4
bxc4 28. bxc4 Qe8 29. cxd5 h6 30. Rxc8 Qxc8 31. Rxc8+ Kh7 32. dxe6 fxe6 33.
Qxe6 Kg6 34. Be5 0-1

[Event "Junior Online 4NCL Division 4"]
[Site "online"]
[Date "2020.09.17"]
[Round "3.15"]
[White "McBrinn, Conall"]
[Black "Kammin, Samuel"]
[Result "0-1"]
[WhiteElo "1690"]
[BlackElo "1697"]
[PlyCount "66"]
[EventDate "2020.09.17"]
[WhiteTeam "JHJ 1"]
[BlackTeam "Farnham Fantasticos"]

1. d4 e6 2. c4 f5 3. Nc3 Nf6 4. Bf4 Bb4 5. Nf3 O-O 6. e3 b6 7. Be2 Bb7 8. O-O
Qe8 9. Bxc7 Nc6 10. Bg3 Bxc3 11. bxc3 Ne4 12. Rc1 g5 13. Ne5 d6 14. Nxc6 Bxc6
15. f3 Nxg3 16. hxg3 Qg6 17. Bd3 e5 18. d5 Bd7 19. Qc2 Rae8 20. e4 f4 21. g4
Kg7 22. Kf2 h5 23. gxh5 Qxh5 24. Rh1 Qg6 25. Rcg1 g4 26. Qb2 Rh8 27. Qa3 Rxh1
28. Rxh1 gxf3 29. Rg1 Qg3+ 30. Kf1 f2 31. Rh1 Qxd3+ 32. Kxf2 Qd2+ 33. Kf3 Qe3#
0-1

[Event "Junior Online 4NCL Division 4"]
[Site "online"]
[Date "2020.09.17"]
[Round "3.16"]
[White "Warren, Archie"]
[Black "Yu, William"]
[Result "0-1"]
[WhiteElo "1450"]
[BlackElo "1592"]
[PlyCount "116"]
[EventDate "2020.09.17"]
[WhiteTeam "Farnham Fantasticos"]
[BlackTeam "JHJ 1"]

1. d4 e6 2. Bf4 d5 3. e3 Bd6 4. Bg3 Qe7 5. Nf3 Bxg3 6. hxg3 Qb4+ 7. Nc3 Qxb2 8.
Na4 Qb4+ 9. c3 Qd6 10. Qb3 b6 11. c4 c6 12. Bd3 Nf6 13. Rb1 Nbd7 14. Nc3 Bb7
15. Qb4 Qxb4 16. Rxb4 c5 17. dxc5 Nxc5 18. Be2 Rd8 19. cxd5 Nxd5 20. Nxd5 Rxd5
21. Rd4 h6 22. Bb5+ Ke7 23. Rxd5 Bxd5 24. a4 g5 25. Nxg5 Bxg2 26. Rh2 Bb7 27.
Nh3 a6 28. Bc4 Nxa4 29. Nf4 b5 30. Bxe6 Be4 31. Bb3 Nc5 32. Bd5 Bxd5 33. Nxd5+
Kd6 34. Nb4 a5 35. Na2 b4 36. f3 b3 37. Nc3 a4 38. Kd1 Kc6 39. Rd2 Rb8 40. Kc1
a3 41. Kb1 a2+ 42. Kb2 Ra8 43. Rd1 Nd3+ 44. Rxd3 a1=Q+ 45. Kxb3 Ra3+ 46. Kb4
Qb2+ 47. Kc4 Qb3+ 48. Kd4 Qb4+ 49. Ke5 Rxc3 50. Rxc3+ Qxc3+ 51. Kf4 f6 52. e4
Kd6 53. Kg4 h5+ 54. Kf4 Qe5+ 55. Ke3 Qxg3 56. Kd4 h4 57. Ke3 h3 58. Ke2 h2 0-1

[Event "Junior Online 4NCL Division 4"]
[Site "online"]
[Date "2020.09.17"]
[Round "3.17"]
[White "Aserkoff, Daniel"]
[Black "Warren, Orla"]
[Result "1-0"]
[WhiteElo "1547"]
[BlackElo "1247"]
[PlyCount "41"]
[EventDate "2020.09.17"]
[WhiteTeam "JHJ 1"]
[BlackTeam "Farnham Fantasticos"]

1. e4 e6 2. d4 d5 3. exd5 exd5 4. Bd3 Bd6 5. Nf3 Bg4 6. c3 Nf6 7. Bg5 Nbd7 8.
O-O O-O 9. Nbd2 c6 10. Qc2 Bxf3 11. Nxf3 Qc7 12. Rfe1 Rfe8 13. Rad1 Rxe1+ 14.
Rxe1 Re8 15. Rxe8+ Nxe8 16. Bxh7+ Kh8 17. Bd3 Nef6 18. Qd2 Nh5 19. Qe2 Bf4 20.
Qe8+ Nf8 21. Qxf8# 1-0

[Event "Junior Online 4NCL Division 4"]
[Site "online"]
[Date "2020.09.17"]
[Round "3.18"]
[White "Cwajna, Harrison"]
[Black "Patel, Krrish"]
[Result "0-1"]
[WhiteElo "977"]
[BlackElo "1547"]
[PlyCount "110"]
[EventDate "2020.09.17"]
[WhiteTeam "Farnham Fantasticos"]
[BlackTeam "JHJ 1"]

1. d4 Nf6 2. c4 g6 3. Nc3 Bg7 4. Nf3 d6 5. g3 Nbd7 6. Bg2 O-O 7. O-O c6 8. b3
b6 9. Ba3 Bb7 10. e4 c5 11. dxc5 Nxc5 12. Bxc5 dxc5 13. Qxd8 Raxd8 14. e5 Ng4
15. h3 Nxe5 16. Nxe5 Bxg2 17. Kxg2 Bxe5 18. Rac1 Bxc3 19. Rxc3 Rd4 20. Re1 e6
21. a4 Rfd8 22. Rec1 Rd3 23. Rxd3 Rxd3 24. Rb1 Kg7 25. f3 Kf6 26. Kf2 Ke5 27.
Ke2 Kd4 28. Rc1 Re3+ 29. Kf2 Rxb3 30. Rd1+ Rd3 31. Rxd3+ Kxd3 32. g4 Kxc4 33.
Kg3 Kd4 34. f4 c4 35. Kf2 c3 36. Ke1 a6 37. Kd1 b5 38. axb5 axb5 39. Kc2 b4 40.
Kb3 Kd3 41. Ka2 c2 42. Kb2 Kd2 43. Kb3 c1=Q 44. Kxb4 Qc3+ 45. Kb5 Qxh3 46. Kc5
Qxg4 47. Kd4 Qxf4+ 48. Kc5 Qe4 49. Kd6 f5 50. Ke7 f4 51. Kf6 f3 52. Kg5 f2 53.
Kh6 f1=Q 54. Kg7 g5 55. Kh6 Qg6# 0-1

[Event "Junior Online 4NCL Division 4"]
[Site "online"]
[Date "2020.09.17"]
[Round "3.21"]
[White "Stoica, Savas Marin"]
[Black "Balaggan, Karam S"]
[Result "1-0"]
[WhiteElo "1922"]
[BlackElo "1420"]
[PlyCount "65"]
[EventDate "2020.09.17"]
[WhiteTeam "Barnet Knights A"]
[BlackTeam "Colchester Juniors B"]

1. e4 e5 2. Nf3 Nc6 3. Bb5 Nf6 4. d3 d6 5. h3 h6 6. c3 Be7 7. O-O Be6 8. d4
exd4 9. cxd4 a6 10. Ba4 O-O 11. d5 b5 12. Bc2 Nxd5 13. exd5 Nb4 14. dxe6 fxe6
15. Re1 Nxc2 16. Qxc2 e5 17. Nc3 b4 18. Nd5 c5 19. a3 bxa3 20. b4 cxb4 21. Nxb4
Rc8 22. Qb3+ Kh8 23. Bxa3 Rb8 24. Qd3 Qb6 25. Nd5 Qb3 26. Qxb3 Rxb3 27. Nxe7
Rfxf3 28. gxf3 Rxf3 29. Bxd6 Rf6 30. Bxe5 Re6 31. Nf5 Rg6+ 32. Kh2 Rg5 33. Nxh6
1-0

[Event "Junior Online 4NCL Division 4"]
[Site "online"]
[Date "2020.09.17"]
[Round "3.22"]
[White "Chung, Vince"]
[Black "Angelopoulos, Andreas"]
[Result "0-1"]
[WhiteElo "1352"]
[BlackElo "1637"]
[PlyCount "96"]
[EventDate "2020.09.17"]
[WhiteTeam "Colchester Juniors B"]
[BlackTeam "Barnet Knights A"]

1. e4 c6 2. d4 d5 3. e5 Bf5 4. Nc3 e6 5. Nf3 c5 6. Bd3 Bxd3 7. Qxd3 cxd4 8.
Nxd4 Ne7 9. O-O Nd7 10. Bg5 Qc7 11. Bxe7 Bxe7 12. Rac1 Qxe5 13. Rfe1 Qc7 14.
Nf3 O-O 15. Ne2 Nf6 16. Nc3 a6 17. Ng5 h6 18. Rxe6 fxe6 19. Nxe6 Qd6 20. Nxf8
Bxf8 21. Re1 d4 22. Ne4 Nxe4 23. Rxe4 Qf6 24. Rxd4 Re8 25. Qc4+ Qe6 26. h3 Bd6
27. g3 Qxc4 28. Rxc4 Re1+ 29. Kg2 Kf7 30. Rd4 Ke6 31. c4 Re2 32. a3 Rxb2 33.
Re4+ Kf7 34. Kf3 Rb3+ 35. Kg4 Rxa3 36. f4 g6 37. h4 h5+ 38. Kg5 Be7+ 39. Kh6
Rxg3 40. Re5 Rg4 41. f5 Bxh4 42. Rd5 Bg5+ 43. Kh7 Be7 44. fxg6+ Rxg6 45. Rf5+
Bf6 46. Rxh5 Rg7+ 47. Kh6 Rg8 48. Rh4 Rh8# 0-1